| 000 | 00367 a2200133 4500 | ||
|---|---|---|---|
| 001 | 91539 | ||
| 082 | _aPR 1497 | ||
| 090 |
_c43677 _d43676 |
||
| 100 | _aNaveed Ul Hassan; Prof Farooq-e-Azam and Abdul Rehman, Advisors | ||
| 245 |
_aReal Time Voice Encryption System _n56 "B" EC |
||
| 260 |
_aRawalpindi _bNUST _c2002 |
||
| 300 | _a119p | ||
| 500 | _aBE Project Reports | ||
| 942 |
_aCAE NUST _kPR 1497 |
||
| 999 |
_c326612 _d326612 |
||